| 000 | 00000nam 2200000zi 4500 |
| 001 | 9.916044 |
| 003 | CaOODSP |
| 005 | 20230120152833 |
| 006 | m o d f |
| 007 | cr cn||||||||| |
| 008 | 221007t20222022oncabd os f000 0 fre d |
| 020 | |a9780660457581 |
| 040 | |aCaOODSP|bfre|erda|cCaOODSP |
| 043 | |an-cn--- |
| 086 | 1 |aHP35-173/2022F-PDF |
| 245 | 00|aRapport d'avancement sur l'allaitement maternel au Canada 2022. |
| 264 | 1|a[Ottawa] : |bAgence de la santé publique du Canada = Public Health Agency of Canada, |c[2022] |
| 264 | 4|c©2022 |
| 300 | |a1 ressource en ligne (6 pages) : |billustrations, cartes, graphiques |
| 336 | |atexte|btxt|2rdacontent/fre |
| 337 | |ainformatique|bc|2rdamedia/fre |
| 338 | |aressource en ligne|bcr|2rdacarrier/fre |
| 500 | |aTitre de la couverture. |
| 500 | |aPublié aussi en anglais sous le titre : Canada's breastfeeding progress report 2022. |
| 520 | |a« Ce rapport présente un aperçu des statistiques relatives à l'allaitement maternel au Canada, d'après les données recueillies dans le cadre de l'Enquête sur la santé dans les collectivités canadiennes (ESCC) de 2017-2018. Les résultats présentés sont une sélection de facteurs sociodémographiques connus pour être associés à l'allaitement » -- Page 1. |
| 650 | 6|aAllaitement maternel|zCanada|vStatistiques. |
| 710 | 2 |aAgence de santé publique du Canada, |eorganisme de publication. |
| 775 | 08|tCanada's breastfeeding progress report 2022.|w(CaOODSP)9.916043 |
| 856 | 40|qPDF|s4.25 Mo|uhttps://publications.gc.ca/collections/collection_2023/aspc-phac/HP35-173-2022-fra.pdf |
| 856 | 4 |qHTML|sS.O.|uhttps://sante-infobase.canada.ca/allaitement/ |
| 986 | |a220468 |